Jamaica Country Quiz - Statistics

General Stats
  • This quiz has been taken 13 times
    3 since last reset
  • The average score is 8 of 11
Answer Stats
Hint Answer % Correct
Independent Since 1962
100%
Number of Main Political Parties 2
100%
Current Leader Andrew Holness
100%
Main Religion Christianity
100%
Main Language English
100%
Capital Kingston
100%
Main Ally United States
100%
Currency Dollar
67%
Former Part of United Kingdom
67%
Main Export Alumina
0%
Form of Government Parliamentary Democracy
0%
No matching quizzes found
Score Distribution
Percent of People with Each Score
Percentile by Number Answered
Your Score History
You have not taken this quiz since the last reset